Rostlina a prostředí /

Hlavní autor: Šikula, Jaromír, 1924-2000
Jazyk: Čeština
Vydáno: Praha : Český ovocnářský a zahrádkářský svaz, 1974
Fyzický popis: 30 s.
Knihy
Uloženo v:
LEADER 00571nam a2200169 a 4500
001 000624617
003 CZ BrMZK
005 20020930144244.0
008 020923s1974 xr f cze d
040 |a BOA001  |b cze  |c BOA001 
100 1 |a Šikula, Jaromír,  |d 1924-2000  |7 jk01122897  |4 aut 
245 1 0 |a Rostlina a prostředí /  |c Jaromír Šikula 
260 |a Praha :  |b Český ovocnářský a zahrádkářský svaz,  |c 1974 
300 |a 30 s. 
910 |a BOA001  |b X-0731.255 
990 |a BK 
996 6 |b 2619307199  |c X-0731.255  |l MZK  |r Sklad / do 24 hodin  |n 4  |w 000624617  |u 000010  |a 1  |e BOA001  |j MZK50  |s P